000 00418nam a2200145Ia 4500
008 211109s9999||||xx |||||||||||||| ||und||
082 _a546
_bPRA-A
100 _aPrakash, Satya
245 0 _aAdvanced Inorganic Chemistry
260 _bColes Publishing
_aLondon
_c1969
300 _a864p.
630 _xgeneral stack
650 _ascience
_vnatural science and mathematics
_xinorganic chemistryChemistry
942 _cBOOK
999 _c79108
_d79108